000
00262 a2200109 4500
001
50658
040
_c
Anchieta - Pituba
240
1
0
_a
Deutschvergnügen
_l
245
1
0
_a
Deutschvergnügen
650
4
_a
Línguas germânicas (teutônicas) língua alemã
942
_c
MU
999
_c
50658
_d
50658